000 00792 a2200205 4500
001 59623
005 20260407155850.0
008 260407a1963 arg spa d
003 AR-UNSa-BCEJYS
040 _aAR-UNSa-BCEJYS
_bspa
_cAR-UNSa-BCEJYS
080 _a330.56
_xRenta nacional. Producto nacional neto
245 1 0 _aIngreso nacional y corriente de fondos
_pconceptos, contabilidad y análisis
264 1 _aMéxico :
_bFondo de Cultura Económica
_c1963
300 _a582 p.
_c24 cm.
505 _a1. Contabilidad del ingreso nacional - 2. Análisis del ingreso nacional – 3. Las cuentas de corrientes de fondos – 4. Los problemas de la estabilidad y del crecimiento -
041 _aspa
942 _cBK
590 _aniveau_biblio:m niveau_hierar:0
100 1 _aPowelson, John P.
999 _c6760
_d6760